00343nam a2200145Ia 4500008004100000020001500041041000800056082001700064100001800081245005200099250000600151260001500157300001300172650001200185210716s2005 xx 000 0 und d a818714808X aeng a332.042 AGAH aAgarwal, H C. aIndian financial system and commercial banking. a1 aAgrac2005 aviii,353 aFinance